Maniac magee / (Record no. 3657)

MARC details
000 -LEADER
fixed length control field 00742nam a22002417a 4500
001 - CONTROL NUMBER
control field 3657
003 - CONTROL NUMBER IDENTIFIER
control field FISKH
005 - DATE AND TIME OF LATEST TRANSACTION
control field 20240403114454.0
008 - FIXED-LENGTH DATA ELEMENTS--GENERAL INFORMATION
fixed length control field 240403b cb ||||| |||| 00| 0 eng d
040 ## - CATALOGING SOURCE
Original cataloging agency FISK
Language of cataloging eng
Transcribing agency FISK
Modifying agency FISK
050 ## - LIBRARY OF CONGRESS CALL NUMBER
Classification number PZ7.S75663
082 ## - DEWEY DECIMAL CLASSIFICATION NUMBER
Classification number 371
100 ## - MAIN ENTRY--PERSONAL NAME
Personal name Spinelli Jerry
Dates associated with a name 1941-
245 ## - TITLE STATEMENT
Title Maniac magee /
Statement of responsibility, etc. Jerry Spinelli
260 ## - PUBLICATION, DISTRIBUTION, ETC.
Place of publication, distribution, etc. United States of America :
Name of publisher, distributor, etc. Jerry Spinelli
Date of publication, distribution, etc. 1990
300 ## - PHYSICAL DESCRIPTION
Extent 184 pages :
Dimensions 20 cm
505 ## - FORMATTED CONTENTS NOTE
Formatted contents note O
520 ## - SUMMARY, ETC.
Summary, etc. After his parents die, Jeffrey Lionel Magee's life becomes legendary, as he accomplishes athletic and other feats which awe his contemporaries.
521 8# - TARGET AUDIENCE NOTE
Target audience note 820
Source Lexile
700 ## - ADDED ENTRY--PERSONAL NAME
Personal name Jerry Spinelli
942 ## - ADDED ENTRY ELEMENTS (KOHA)
Source of classification or shelving scheme Dewey Decimal Classification
Koha item type Books
Suppress in OPAC No
Holdings
Withdrawn status Lost status Source of classification or shelving scheme Damaged status Not for loan Collection Home library Current library Shelving location Date acquired Total Checkouts Full call number Barcode Date last seen Copy number Price effective from Koha item type
    Dewey Decimal Classification     Fiction Footprints International School Library Network Toul Kork Campus Footprints International School Library Network Toul Kork Campus TTP Secondary Fiction Bookshelves 04/03/2024   SPI PZ7.S75663 371 2024-0456 04/03/2024 1 04/03/2024 Books